Paroles - Fier - Michou - Statistiques

Statistiques générales
  • Ce quiz a été pris 129 fois
  • Le résultat moyen est 113 sur 312
Statistiques - réponses
Paroles % Correct
j'ai
89%
J'ai
89%
pas
86%
Pas
86%
ça
83%
moi
82%
charbonné,
81%
date
78%
Frérot
74%
frérot,
74%
par
68%
a
66%
à
66%
je
66%
en
63%
me
61%
Pour
60%
pour
60%
tout,
59%
tout
59%
Tout
59%
mes
58%
parents,
58%
Le
57%
le
57%
de
55%
rends
53%
est
52%
acier,
49%
donné
48%
parcours
48%
comme
45%
44%
j'donne
43%
j'les
43%
dur
42%
j'donnerai
41%
les
39%
ai
38%
ma
36%
jamais
35%
Jamais
35%
J'en
35%
j'en
35%
eu
34%
assez,
33%
et
33%
Et
33%
bavé,
32%
facile,
32%
32%
la
32%
amis
31%
amis,
31%
d'y
31%
déter'
30%
j'suis
30%
J'suis
30%
maman
30%
Y
30%
C'était
28%
papa
28%
mon
25%
ou
25%
dans
24%
(dans
24%
qui
24%
bosser,
23%
donc
23%
premiers
23%
Même
22%
seul,
22%
seul
22%
vie,
22%
des
20%
changé
19%
malgré
19%
Aujourd'hui
18%
certains
18%
d'abonnés,
18%
d'hier-ier
18%
moqueries
18%
noir
18%
noir)
18%
oui
18%
oui)
18%
temps
18%
temps,
18%
toujours
18%
furent
17%
Mais
17%
Michou
17%
nuit
17%
bons
16%
solides
16%
(solides)
16%
solo,
16%
cette
15%
croire
15%
croire)
15%
lueur
15%
Miguel,
15%
refusaient
15%
(refusaient
15%
C'est
14%
d'espoir
14%
(d'espoir)
14%
énergie
14%
Faut
14%
faut
14%
fier-ier-ier
14%
intérêt,
14%
J'étais
14%
lâche
14%
ah
13%
(ah
13%
l'argent,
13%
qu'ils
13%
tâche
13%
veut
13%
un
11%
vous
11%
avec
10%
intéressent
10%
j'me
10%
leurs
10%
menacé
10%
balade
9%
capté
9%
lacets
9%
obligé
9%
on
9%
vices
9%
buzz
8%
cacher
8%
être
8%
qu'le
8%
tête
8%
verre
8%
d'me
7%
dois
7%
fanatic
7%
grosse
7%
J'm'arrêtais
7%
J'prends
7%
pourra
7%
serai
7%
serrer
7%
J'veux
6%
l'monde
6%
qu'vous
6%
sachiez,
6%
ton
6%
prennes
5%
qu'tu
5%
tacher
5%
y-yeah,
5%
y-yeah
5%
Aucun quiz correspondant
Distribution des résultats
% des personnes avec chaque résultat
Percentile par nombre de réponses
Votre historique - résultats
Vous n’avez pas pris ce quiz